ঢাকা বিশ্ববিদ্যালয় : (Record no. 31809)

MARC details
000 -LEADER
fixed length control field 00982nam a22002057a 4500
003 - CONTROL NUMBER IDENTIFIER
control field BDDh-ASL
005 - DATE AND TIME OF LATEST TRANSACTION
control field 20231015031320.0
008 - FIXED-LENGTH DATA ELEMENTS--GENERAL INFORMATION
fixed length control field 230309s2021 b ||||| |||| 00| 0 ben d
040 ## - CATALOGING SOURCE
Original cataloging agency BDDh-ASL
Transcribing agency BDDh-ASL
041 ## - LANGUAGE CODE
Language code of text/sound track or separate title bengali
082 ## - DEWEY DECIMAL CLASSIFICATION NUMBER
Classification number 954.922
Item number KHD
100 1# - MAIN ENTRY--PERSONAL NAME
Personal name খান, মোহাম্মদ ছিদ্দিকুর রহমান
9 (RLIN) 4421
245 10 - TITLE STATEMENT
Title ঢাকা বিশ্ববিদ্যালয় :
Remainder of title শিক্ষা ও গবেষণায় শতবর্ষের অর্জন /
246 ## - VARYING FORM OF TITLE
Title proper/short title Dhaka University.
260 ## - PUBLICATION, DISTRIBUTION, ETC.
Place of publication, distribution, etc. ঢাকা :
Name of publisher, distributor, etc. সাদা দল, ঢাকা বিশ্ববিদ্যালয়,
Date of publication, distribution, etc. ২০২১।
300 ## - PHYSICAL DESCRIPTION
Extent ৭২ পৃষ্ঠা:
Dimensions ২১ সে.মি.
504 ## - BIBLIOGRAPHY, ETC. NOTE
Bibliography, etc. note গ্রন্থপঞ্জি সংযুক্ত ।
650 #0 - SUBJECT ADDED ENTRY--TOPICAL TERM
Topical term or geographic name entry element History of Dhaka University (ঢাকা বিশ্ববিদ্যালয়ের ইতিহাস)
9 (RLIN) 6217
942 ## - ADDED ENTRY ELEMENTS (KOHA)
Source of classification or shelving scheme Dewey Decimal Classification
Koha item type Books
Holdings
Withdrawn status Lost status Source of classification or shelving scheme Damaged status Not for loan Collection code Home library Current library Shelving location Date acquired Source of acquisition Total Checkouts Full call number Barcode Date last seen Copy number Price effective from Koha item type Public note
    Dewey Decimal Classification     Non-fiction Asiatic Society Library Asiatic Society Library General Stacks 04/08/2023 Complimentary   954.922 KHD 120550 04/08/2023 C-1 04/08/2023 Books Y-2021
    Dewey Decimal Classification     Non-fiction Asiatic Society Library Asiatic Society Library General Stacks 04/08/2023 Complimentary   954.922 KHD 120551 04/08/2023 C-2 04/08/2023 Books Y-2021

Powered by Koha